UBT Library

HOW CONGRES WORKS (Record no. 12533)

000 -LEADER
fixed length control field 00292nam a22001337a 4500
008 - FIXED-LENGTH DATA ELEMENTS--GENERAL INFORMATION
fixed length control field 170503b xxu||||| |||| 00| 0 eng d
020 ## - INTERNATIONAL STANDARD BOOK NUMBER
International Standard Book Number 9781568023915
041 ## - LANGUAGE CODE
Language code of text/sound track or separate title eng
080 ## - UNIVERSAL DECIMAL CLASSIFICATION NUMBER
Edition identifier 3 ED
Universal Decimal Classification number 341
100 ## - Rafti
Rafti 13
101 ## - Shkurtesa
Shkurtesa SHJ
245 ## - TITLE STATEMENT
Title HOW CONGRES WORKS
Statement of responsibility, etc TARR.D
942 ## - ADDED ENTRY ELEMENTS (KOHA)
Source of classification or shelving scheme
Item type Books
Holdings
Withdrawn status Lost status Source of classification or shelving scheme Damaged status Not for loan Collection code Permanent location Current location Shelving location Date acquired Total Checkouts Full call number Barcode Date last seen Price effective from Koha item type
          Koleksioni i përgjithshem UBT - Lipjan UBT - Lipjan Koleksioni i përgjithshem 05/03/2017   341 TAR 002-283809 05/03/2017 05/03/2017 Books
          Koleksioni i përgjithshem UBT - Lipjan UBT - Lipjan Koleksioni i përgjithshem 05/03/2017   341 TAR 002-283801 05/03/2017 05/03/2017 Books
UBT Library © 2015-2024. All rights reserved University Education for Business and Technology